Observaciones geomorfologicas en la vertiente tibetana del Everest (Record no. 6413)
[ view plain ]
| 000 -LEADER | |
|---|---|
| campo de control de longitud fija | 01110nam a2200277 i 4500 |
| 001 - NÚMERO DE CONTROL | |
| campo de control | 6413 |
| 003 - IDENTIFICADOR DE NÚMERO DE CONTROL | |
| campo de control | ES-MaACL |
| 005 - FECHA Y HORA DE LA ÚLTIMA TRANSACCIÓN | |
| campo de control | 20230906144925.0 |
| 007 - CAMPO FIJO DE DESCRIPCIÓN FÍSICA--INFORMACIÓN GENERAL | |
| campo de control de longitud fija | t| |
| 008 - DATOS DE LONGITUD FIJA--INFORMACIÓN GENERAL | |
| campo de control de longitud fija | 891120s1989 sp ||||1| spa d |
| 020 ## - NÚMERO INTERNACIONAL ESTÁNDAR DEL LIBRO | |
| Número Internacional Estándar del Libro | 84-7477-176-5 |
| 080 ## - NÚMERO DE LA CLASIFICACIÓN DECIMAL UNIVERSAL | |
| Número de la Clasificación Decimal Universal | 551.432 |
| 080 ## - NÚMERO DE LA CLASIFICACIÓN DECIMAL UNIVERSAL | |
| Número de la Clasificación Decimal Universal | 91(235 Everest) |
| 100 1# - ENTRADA PRINCIPAL--NOMBRE DE PERSONA | |
| Nombre de persona | Martínez de Pisón, Eduardo. |
| 9 (RLIN) | 78025 |
| 245 10 - MENCIÓN DEL TÍTULO | |
| Título | Observaciones geomorfologicas en la vertiente tibetana del Everest |
| Resto del título | : expedicion española al Qomolangma, 1986 = Geomorphological observations on the Tibetan side of Everest : Spanish Qomolangma expedition 1986 / |
| Mención de responsabilidad, etc. | Eduardo Martinez de Pison, Jeronimo Lopez, Pedro Nicolas. |
| 260 ## - PUBLICACIÓN, DISTRIBUCIÓN, ETC. | |
| Lugar de publicación, distribución, etc. | Madrid : |
| Nombre del editor, distribuidor, etc. | Universidad Autonoma, |
| Fecha de publicación, distribución, etc. | D.L. 1989. |
| 300 ## - DESCRIPCIÓN FÍSICA | |
| Extensión | 159 p. : |
| Otras características físicas | il. col., map. pleg. ; |
| Dimensiones | 24 cm. |
| 500 ## - NOTA GENERAL | |
| Nota general | En portada aparece titulo paralelo en chino. |
| 500 ## - NOTA GENERAL | |
| Nota general | Indices. |
| 505 8# - NOTA DE CONTENIDO CON FORMATO | |
| Nota de contenido con formato | resumen de la obra en ingles y chino |
| 650 14 - PUNTO DE ACCESO ADICIONAL DE MATERIA--TÉRMINO DE MATERIA | |
| Término de materia o nombre geográfico como elemento de entrada | Relieve terrestre- |
| Subdivisión geográfica | Everest. |
| 9 (RLIN) | 16796 |
| 650 14 - PUNTO DE ACCESO ADICIONAL DE MATERIA--TÉRMINO DE MATERIA | |
| Término de materia o nombre geográfico como elemento de entrada | Glaciares- |
| Subdivisión geográfica | Everest. |
| 9 (RLIN) | 13123 |
| 700 1# - ENTRADA AGREGADA--NOMBRE PERSONAL | |
| Nombre de persona | López, Jerónimo. |
| 9 (RLIN) | 73336 |
| 700 1# - ENTRADA AGREGADA--NOMBRE PERSONAL | |
| Nombre de persona | Nicolas, Pedro. |
| 9 (RLIN) | 85570 |
| 852 ## - LOCALIZACIÓN | |
| Ubicación | ES-MaACL |
| Número de control de estantería | L-13628 |
| Sublocalización o colección | R.117120 |
| Nota libre | . - cart. |
| Estatus retirado | Estado de pérdida | Estado de daño | No para préstamo | Biblioteca de origen | Biblioteca actual | Ubicación en estantería | Fecha de adquisición | Fuente de adquisición | Total de préstamos | Signatura topográfica completa | Código de barras | Visto por última vez | Precio de reemplazo | Tipo de ítem Koha |
|---|---|---|---|---|---|---|---|---|---|---|---|---|---|---|
| Biblioteca del Ateneo de Madrid | Biblioteca del Ateneo de Madrid | Depósito 2 | 17/01/2008 | L-13628 | 1006531 | 23/02/2023 | 23/02/2023 | Libro impreso |
